000 00438nam a22001817a 4500
003 MPLRDC
005 20220104114618.0
008 210129b ||||| |||| 00| 0 eng d
020 _a962-288-037-1
082 _a856.9 WTZ-2
100 _a王亭之
245 _a王亭之六谈
_c
250 _a初版
260 _a
_b华汉文化事业公司
_c1987
300 _b
650 _a函牍及杂著--杂项
942 _cBK
_o856.9 WTZ-2
999 _c8850
_d8840